000 00892cab a22002655a 4500
001 L160224
007 ta
008 190423e2019 xxk 000 0 eng d
035 _a(Sirsi) u160224
041 0 _aeng
100 1 _aHughes, Dan
245 0 0 _aBecoming a data-led business
_h{electronic resource]
260 _c2019
490 _aRICS Property Journal
_vJanuary-February 2019, 34-36(3)
520 _aLooks at ways in which real estate property businesses generate data and the benefits of this and how to utilise it. Measures the value of data.
590 _aNTK
651 4 _aUnited Kingdom
651 4 _aUnited Kingdom 1973
651 4 _y
690 _aProperty management
_96262
700 1 _aHughes, Simon
700 1 _aChandler, Linda
856 4 0 _zAvailable free online via Issuu
_uhttps://issuu.com/ricsmodus/docs/property_journal_jan-feb_19-rics/3
942 _n0
_2ddc
999 _c85192
_d85192